000 00753nam a22002175i 4500
999 _c58093
_d58093
001 19205551
005 20210614122949.0
008 160803s2016 cau 000 0 eng
020 _a9781950714087
041 _aeng
080 _a004 D-78
100 1 _aDowd, Heather.
_912033
245 1 0 _aClassroom management in the digital age /
_cDowd, Heather, Green, Patrick.
263 _a1608
264 1 _aIrvine, CA :
_bEdTechTeam Press,
_c2016.
300 _a70 pages ;
_b23 cm.
653 _aკლასის მართვა ციფრულ ეპოქაში
653 _aУправление классом в эпоху цифровых технологий
700 _aGreen, Patrick
_eავტორი
_912034
942 _2udc
_cBK